[Event "Rhein Main op 13th"]
[Site "Bad Homburg"]
[Date "2010.06.06"]
[Round "7"]
[White "Krischak, Werner"]
[Black "Tsompanidis, Georgios"]
[Result "1/2-1/2"]
[WhiteElo "1806"]
[BlackElo "1448"]
[PlyCount "32"]
[EventDate "2010.06.02"]
[EventType "swiss"]
[EventRounds "7"]
[EventCountry "GER"]
[SourceTitle "EXT 2011"]
[Source "ChessBase"]
[SourceDate "2010.11.26"]
[SourceVersion "1"]
[SourceVersionDate "2010.11.26"]
[SourceQuality "1"]

1. d4 Nf6 2. Nf3 e6 3. c4 Bb4+ 4. Bd2 Qe7 5. Qc2 Bxd2+ 6. Nbxd2 0-0 7. e4 d6 8. e5 Nfd7 9. Bd3 h6 10. 0-0 Nc6 11. exd6 cxd6 12. a3 Nb6 13. Rfe1 d5 14. c5 Nd7 15. b4 a6 16. Ne5 Nxd4 1/2-1/2

[Event "Rhein Main op 13th"]
[Site "Bad Homburg"]
[Date "2010.06.04"]
[Round "4"]
[White "Tsompanidis, Georgios"]
[Black "Franke, Marius"]
[Result "1-0"]
[WhiteElo "1448"]
[BlackElo "1517"]
[PlyCount "75"]
[EventDate "2010.06.02"]
[EventType "swiss"]
[EventRounds "7"]
[EventCountry "GER"]
[SourceTitle "EXT 2011"]
[Source "ChessBase"]
[SourceDate "2010.11.26"]
[SourceVersion "1"]
[SourceVersionDate "2010.11.26"]
[SourceQuality "1"]

1. e4 c5 2. c3 d5 3. exd5 Qxd5 4. d4 cxd4 5. Qxd4 Qxd4 6. cxd4 Nf6 7. Be3 g6 8. Nc3 a6 9. g3 Bg7 10. Bg2 0-0 11. Nge2 Nc6 12. 0-0 Rd8 13. Rfd1 e6 14. Na4 Bd7 15. Nb6 Rab8 16. Bf4 Be8 17. Bxb8 Rxb8 18. Rac1 Rd8 19. b3 Kf8 20. Na4 Nd5 21. Nac3 Nxc3 22. Rxc3 Nxd4 23. Nxd4 Bxd4 24. Rcd3 e5 25. Bxb7 a5 26. Ba6 Bc6 27. Bc4 Be4 28. R3d2 Rc8 29. Rxd4 exd4 30. Rxd4 Bf5 31. g4 Bb1 32. Rd7 Bxa2 33. Rxf7+ Ke8 34. Rxh7 Bb1 35. Ra7 Rc5 36. Kg2 Be4+ 37. Kg3 Bc6 38. Bf7+ 1-0

[Event "Rhein Main op 13th"]
[Site "Bad Homburg"]
[Date "2010.06.02"]
[Round "1"]
[White "Lebermann, Hellmuth"]
[Black "Tsompanidis, Georgios"]
[Result "1-0"]
[WhiteElo "2016"]
[BlackElo "1448"]
[PlyCount "35"]
[EventDate "2010.06.02"]
[EventType "swiss"]
[EventRounds "7"]
[EventCountry "GER"]
[SourceTitle "EXT 2011"]
[Source "ChessBase"]
[SourceDate "2010.11.26"]
[SourceVersion "1"]
[SourceVersionDate "2010.11.26"]
[SourceQuality "1"]

1. e4 e5 2. d4 exd4 3. Nf3 Bc5 4. Bc4 Nc6 5. c3 dxc3 6. Nxc3 Nf6 7. e5 Ng4 8. 0-0 Nxf2 9. Rxf2 Bxf2+ 10. Kxf2 d6 11. Bg5 Qd7 12. exd6 cxd6 13. Qe2+ Kf8 14. Rd1 Ne7 15. Bxf7 Nc6 16. Bb3 Qe8 17. Qc4 Na5 18. Qf4+ 1-0